Saidán

Gorde:
Xehetasun bibliografikoak
Egile nagusia: Benítez López, Juan José (Egilea)
Formatua: Liburua
Hizkuntza:gaztelania
Argitaratua: Barcelona Planeta 2000
Saila:Los Otros Mundos de J. J. Benítez
Gaiak:
Etiketak: Etiketa erantsi
Etiketarik gabe, Izan zaitez lehena erregistro honi etiketa jartzen!

MARC

LEADER 00000nam a2200000 a 4500
001 UCN4963
003 CL-VaPUC
008 010817e20000000SP |||||||||||||||||spa|d
082 0 4 |a 863  |b BEN  |2 21 
100 0 |a Benítez López, Juan José  |e author  |9 461093 
245 1 0 |a Saidán 
246 1 0 |a Caballo de Troya 3 
300 |a 511 p 
942 |c BK 
945 |d 20010817 00:00:00  |a cmena 
260 |a Barcelona  |b Planeta  |c 2000 
600 0 |a Jesús  |9 313614 
650 0 |a Novelas españolas  |9 265052 
650 0 |a Literatura española  |9 306261 
650 0 |a Investigación histórica  |9 344844 
650 0 |a Novelas históricas   |9 342315 
651 7 |a NAZARET  |2 CL-VaPUC  |9 461094 
583 |a last modification  |c 20190705 09:52:34  |k Rodrigo Vera 
490 0 |a Los Otros Mundos de J. J. Benítez 
999 |c 296799  |d 296797 
952 |0 0  |1 0  |4 0  |6 863_000000000000000_BEN_2000  |7 0  |8 A  |9 350975  |a BIBING  |b BIBING  |d 2019-11-20  |i 3748286  |o 863 BEN 2000  |p 3748286  |r 2025-01-20  |w 2019-11-20  |y BK  |k CUI 
952 |0 0  |1 0  |4 0  |6 863_000000000000000_BEN_2000  |7 0  |8 A  |9 350976  |a BIBEDU  |b BIBEDU  |d 2019-11-20  |i 3781232  |o 863 BEN 2000  |p 3781232  |r 2019-11-20  |w 2019-11-20  |y BK  |k CUE